| 000 | 00000nam 2200000zi 4500 |
| 001 | 9.936025 |
| 003 | CaOODSP |
| 005 | 20240503135333 |
| 006 | m o d f |
| 007 | cr mn||||||||| |
| 008 | 240326t20242024onca o f000 0 eng d |
| 020 | |a9780660710198 |
| 040 | |aCaOODSP|beng|erda|cCaOODSP |
| 043 | |an-cn--- |
| 086 | 1 |aPS64-224/2024E-PDF |
| 245 | 00|aTaking action : |bthe RCMP'S strategy for implementing the Mass Casualty Commission final report recommendations. |
| 264 | 1|a[Ottawa] : |bRoyal Canadian Mounted Police = Gendarmerie royale du Canada, |c[2024] |
| 264 | 4|c©2024 |
| 300 | |a1 online resource (24 pages) : |bcolour illustrations |
| 336 | |atext|btxt|2rdacontent |
| 337 | |acomputer|bc|2rdamedia |
| 338 | |aonline resource|bcr|2rdacarrier |
| 500 | |aIssued also in French under title: Passer à l'action : stratégie de la GRC pour la mise en Ĺ“uvre des recommandations du rapport final de la Commission des pertes massives. |
| 610 | 20|aRoyal Canadian Mounted Police|xManagement. |
| 650 | 0|aPolice administration|zCanada. |
| 650 | 0|aOrganizational change|zCanada. |
| 650 | 0|aCorporate culture|zCanada. |
| 710 | 2 |aRoyal Canadian Mounted Police, |eissuing body. |
| 775 | 08|tPasser à l'action : |w(CaOODSP)9.936026 |
| 856 | 40|qPDF|s2.09 MB|uhttps://publications.gc.ca/collections/collection_2024/grc-rcmp/PS64-224-2024-eng.pdf |
| 856 | 4 |qHTML|sN/A|uhttps://rcmp.ca/en/corporate-information/publications-and-manuals/taking-action-rcmps-strategy-implementing-mass |